000 00676nam a2200253 a 4500
003 AR-BaBNM
005 20251128202829.0
008 082120s2002 ||||||||||||||000 | spa||
040 _cAR-BaBNM
100 1 _aRosenberg, Tobías
245 0 0 _aLa serpiente en la medicina y en el folklore
260 _aBuenos Aires
_bDel Tridente
_c1946
300 _a106 p.
_bil.
490 0 _aLa Gran Aventura
_vv. 3
650 4 _aREPTILES
650 4 _aMEDICINA POPULAR
650 4 _aCOSTUMBRES Y TRADICIONES
650 4 _aSUPERSTICION
650 4 _aCREENCIA
650 4 _aCULTURAS LATINOAMERICANAS
800 1 _aMolina Téllez, Félix
_edirector
942 _cBK
998 _cisola
999 _c780
_d780